Shawn Mendes - Statistics

General Stats
  • This quiz has been taken 284 times
  • The average score is 11 of 15
Answer Stats
Hint Answer % Correct
In what country he is born? Canada
95%
On what app he became famous? Vine
95%
Who sang I know what you did las summer with him? Camila Cabello
90%
What's his first album title? Handwritten
88%
What's his full name? Shawn Peter Raul Mendes
87%
What's his second album title? Illuminate
85%
What's his first single? Life of the Party
84%
What's his mom's name? Karen
74%
What's his dad's name? Manuel
70%
Who sang Air with him? Astrid
69%
What's his favorite food? Muffins
60%
What fruit he founds disgusting? Tomatoes
59%
When was he born? August 8 1998
58%
What,s his EP title? The Shawn Mendes ep
54%
Who is his manager? Andrew Gertler
42%
No matching quizzes found
Score Distribution
Percent of People with Each Score
Percentile by Number Answered
Your Score History
You have not taken this quiz